Effective CADCAM' 91.European conference 6-7 November 1991 Forte Crest Hotel,Coventry (Record no. 160730)

MARC details
000 -LEADER
fixed length control field 00644nam a2200205 a 4500
008 - FIXED-LENGTH DATA ELEMENTS--GENERAL INFORMATION
fixed length control field
020 ## - INTERNATIONAL STANDARD BOOK NUMBER
International Standard Book Number 0852987676 (pbk.)
049 ## - LOCAL HOLDINGS (OCLC)
Holding library MAIN
090 ## - LOCALLY ASSIGNED LC-TYPE CALL NUMBER (OCLC); LOCAL CALL NUMBER (RLIN)
Classification number (OCLC) (R) ; Classification number, CALL (RLIN) (NR) TS155.6
003 - CONTROL NUMBER IDENTIFIER
control field
005 - DATE AND TIME OF LATEST TRANSACTION
control field 20230123134134.0
040 ## - CATALOGING SOURCE
Transcribing agency NUST
111 ## - MAIN ENTRY--MEETING NAME
Meeting name or jurisdiction name as entry element Institution of Mechanical Engineering
245 10 - TITLE STATEMENT
Title Effective CADCAM' 91.European conference 6-7 November 1991 Forte Crest Hotel,Coventry
260 ## - PUBLICATION, DISTRIBUTION, ETC.
Place of publication, distribution, etc. Coventry:
Name of publisher, distributor, etc. Mechanical Engineering Publications,
Date of publication, distribution, etc. 1991
300 ## - PHYSICAL DESCRIPTION
Extent 158 p. :
Other physical details ill.
Dimensions 29 cm.
650 #1 - SUBJECT ADDED ENTRY--TOPICAL TERM
Topical term or geographic name entry element Mechanical Engineering
907 ## - LOCAL DATA ELEMENT G, LDG (RLIN)
a .b10184387
b 17-01-06
c 05-01-06
942 ## - ADDED ENTRY ELEMENTS (KOHA)
Koha item type Ordinary Loan Books
Call number prefix TS155.6
Holdings
Date last seen Total Checkouts Full call number Barcode Cost, replacement price Price effective from Koha item type Lost status Source of classification or shelving scheme Damaged status Not for loan Collection Withdrawn status Home library Current library Shelving location Date acquired Cost, normal purchase price
01/23/2023 2 TS155.6 INS 92003019863 80.00 01/23/2023 BOOKS   LCC     NFIC   MAIN MAIN GEN 01/23/2023 80.00